[Event "Cappelle op 40th"]
[Site "Cappelle la Grande"]
[Date "2024.03.06"]
[Round "6"]
[White "Velten, Paul"]
[Black "Idani, Pouya"]
[Result "1/2-1/2"]
[WhiteElo "2475"]
[BlackElo "2609"]
[PlyCount "66"]
[EventDate "2024.03.02"]
[EventType "swiss"]
[EventRounds "9"]
[EventCountry "FRA"]
[SourceTitle "CB11_2024"]
[SourceDate "2024.03.13"]
[SourceVersion "1"]
[SourceVersionDate "2024.03.13"]
[SourceQuality "1"]

1. d4 Nf6 2. c4 e6 3. Nf3 a6 4. Nc3 d5 5. cxd5 exd5 6. Bg5 Be6 7. e3 Nbd7 8. Bd3 c6 9. h3 Bd6 10. Bf4 Qc7 11. Bxd6 Qxd6 12. 0-0 0-0 13. Qc2 g6 14. Rac1 Qe7 15. Rfe1 Rfe8 16. b3 Nh5 17. Qd2 Qf6 18. Nh2 Ng7 19. Ne2 Bf5 20. Nf4 Bxd3 21. Nxd3 Nf5 22. Ng4 Qe7 23. Nde5 Nxe5 24. Nxe5 Qf6 25. e4 dxe4 26. Rxe4 Re7 27. Ng4 Qd6 28. Rxe7 Nxe7 29. Re1 Nf5 30. Re4 Rd8 31. Nh6+ Nxh6 32. Qxh6 Qf8 33. Qe3 Qd6 1/2-1/2

[Event "Cappelle op 40th"]
[Site "Cappelle la Grande"]
[Date "2024.03.05"]
[Round "5"]
[White "Jablonicky, Martin"]
[Black "Velten, Paul"]
[Result "0-1"]
[WhiteElo "2393"]
[BlackElo "2475"]
[PlyCount "66"]
[EventDate "2024.03.02"]
[EventType "swiss"]
[EventRounds "9"]
[EventCountry "FRA"]
[SourceTitle "CB11_2024"]
[SourceDate "2024.03.13"]
[SourceVersion "1"]
[SourceVersionDate "2024.03.13"]
[SourceQuality "1"]

1. d4 Nf6 2. Nf3 e6 3. Bf4 c5 4. e3 Be7 5. Nc3 cxd4 6. exd4 d6 7. Bd3 a6 8. Qe2 Nc6 9. 0-0-0 b5 10. g4 b4 11. Ne4 Nxe4 12. Qxe4 d5 13. Qe3 Bd7 14. h4 a5 15. Kd2 Qb6 16. g5 f6 17. Rhg1 g6 18. h5 gxh5 19. g6 hxg6 20. Bxg6+ Kd8 21. Bf7 a4 22. Bxe6 Ra7 23. Bxd7 Rxd7 24. Rg7 b3 25. Rdg1 Bb4+ 26. c3 Rxg7 27. Rxg7 Re8 28. Qd3 bxa2 29. Bc7+ Qxc7 30. Rxc7 Kxc7 31. Qf1 Na5 32. Kc2 Nb3 33. Qb5 Rb8 0-1

[Event "Mitropa Cup"]
[Site "Apolda"]
[Date "2024.02.17"]
[Round "3.11"]
[White "Velten, Paul"]
[Black "Turcan, Richard"]
[Result "1-0"]
[WhiteElo "2460"]
[BlackElo "2396"]
[PlyCount "87"]
[EventDate "2024.02.15"]
[EventType "team-tourn"]
[EventRounds "9"]
[EventCountry "GER"]
[SourceTitle "CB09_2024"]
[SourceDate "2024.02.28"]
[SourceVersion "1"]
[SourceVersionDate "2024.02.28"]
[SourceQuality "1"]
[WhiteTeam "France"]
[BlackTeam "Slovakia"]
[WhiteTeamCountry "FRA"]
[BlackTeamCountry "SVK"]

1. d4 Nf6 2. c4 e6 3. Nf3 c5 4. d5 exd5 5. cxd5 d6 6. Nc3 g6 7. h3 Bg7 8. Bf4 0-0 9. e3 a6 10. a4 Ne8 11. a5 Nd7 12. Be2 Ne5 13. Nxe5 dxe5 14. Bh2 Nd6 15. 0-0 Bd7 16. Qb3 Rc8 17. Rfc1 f5 18. Na4 Bxa4 19. Qxa4 Rf7 20. Rc2 Rfc7 21. Rac1 Qe7 22. Qb3 Nf7 23. Qb6 Qd6 24. e4 Bh6 25. Qxd6 Nxd6 26. Bxe5 Bxc1 27. Bxd6 Rd7 28. Rxc1 Rxd6 29. e5 Rdd8 30. d6 c4 31. Bxc4+ Kg7 32. b3 Rc6 33. f4 b5 34. axb6 Rb8 35. Rd1 Rcxb6 36. Kf2 a5 37. g4 fxg4 38. hxg4 a4 39. bxa4 Rb4 40. Rd4 Rc8 41. e6 Rcxc4 42. Rxc4 Rxc4 43. d7 Rd4 44. e7 1-0

[Event "Sitges Sunway op 10th"]
[Site "Sitges"]
[Date "2023.12.12"]
[Round "1"]
[White "Velten, Paul"]
[Black "Koh, Ming Yao Gavin"]
[Result "1-0"]
[WhiteElo "2481"]
[BlackElo "2001"]
[PlyCount "63"]
[EventDate "2023.12.12"]
[EventType "swiss"]
[EventRounds "10"]
[EventCountry "ESP"]
[SourceTitle "CB52_2023"]
[SourceDate "2023.12.27"]
[SourceVersion "1"]
[SourceVersionDate "2023.12.27"]
[SourceQuality "1"]

1. d4 Nf6 2. Nf3 d5 3. e3 e6 4. Bd3 Be7 5. Nbd2 0-0 6. a3 b6 7. e4 dxe4 8. Nxe4 Bb7 9. Nxf6+ Bxf6 10. h4 Nc6 11. Be3 g6 12. Be4 Rb8 13. h5 e5 14. hxg6 hxg6 15. d5 Ne7 16. Bh6 Re8 17. c4 Qd6 18. b4 Rbd8 19. Qc2 b5 20. c5 Qa6 21. c6 Bc8 22. Ng5 Bf5 23. g4 Bxe4 24. Nxe4 Nxd5 25. Rd1 Be7 26. Rd3 Nf6 27. Rdh3 Nxe4 28. Qxe4 Rd4 29. Qf3 f6 30. Bg5 Red8 31. Rh8+ Kf7 32. R1h7+ 1-0

[Event "FRA-chT Top 16 GpA"]
[Site "Chartres"]
[Date "2023.06.06"]
[Round "6.21"]
[White "Sharif, Mershad"]
[Black "Velten, Paul"]
[Result "0-1"]
[WhiteElo "2327"]
[BlackElo "2493"]
[PlyCount "134"]
[EventDate "2023.06.01"]
[EventType "team-tourn"]
[EventRounds "7"]
[EventCountry "FRA"]
[SourceTitle "CBM 214 Extra"]
[Source "ChessBase"]
[SourceDate "2023.07.31"]
[SourceVersion "1"]
[SourceVersionDate "2023.07.31"]
[SourceQuality "1"]
[WhiteTeam "Strasbourg"]
[BlackTeam "Chalon"]
[WhiteTeamCountry "FRA"]
[BlackTeamCountry "FRA"]

1. Nf3 d5 2. g3 Nf6 3. Bg2 c5 4. 0-0 e6 5. c4 d4 6. e3 Nc6 7. exd4 cxd4 8. d3 Bd6 9. Bg5 h6 10. Bxf6 Qxf6 11. Nbd2 Qe7 12. a3 a5 13. Ne4 Bc7 14. b4 axb4 15. axb4 Rxa1 16. Qxa1 Qxb4 17. Rb1 Qe7 18. Nxd4 Nxd4 19. Qxd4 0-0 20. Qc5 Qd7 21. Qe3 b6 22. Nc3 Bd8 23. Nb5 Bg5 24. Qe4 f5 25. Qe2 Bf6 26. Rd1 Ba6 27. Qa2 Bxb5 28. cxb5 Bd4 29. Bc6 Qd6 30. Re1 Rf6 31. Kg2 Kh7 32. Re2 h5 33. h4 g6 34. Qa7+ Kh6 35. Qd7 e5 36. Qxd6 Rxd6 37. Rc2 Bc5 38. Rc3 Rd4 39. Kf3 Rb4 40. Rc2 Rb3 41. Ke2 Kg7 42. Ra2 Kf6 43. Be8 g5 44. hxg5+ Kxg5 45. Bd7 Rb4 46. Rc2 h4 47. gxh4+ Rxh4 48. Bc6 Rf4 49. Kf1 Rb4 50. Ke2 Rb1 51. Ra2 Kf4 52. Ra4+ Bb4 53. f3 Kg3 54. d4 exd4 55. Kd3 Bc5 56. Kc2 Re1 57. Ra7 Re3 58. Rh7 Rc3+ 59. Kb2 Kf4 60. Rd7 Ke3 61. Rd5 Ba3+ 62. Ka2 d3 63. Re5+ Kf2 64. f4 d2 65. Rd5 Ke2 66. Be8 Kd1 67. Bh5+ Kc1 0-1

[Event "FRA-chT Top 16 GpA"]
[Site "Chartres"]
[Date "2023.06.04"]
[Round "4.2"]
[White "Velten, Paul"]
[Black "Mekhane, Adam"]
[Result "1-0"]
[WhiteElo "2493"]
[BlackElo "2280"]
[PlyCount "57"]
[EventDate "2023.06.01"]
[EventType "team-tourn"]
[EventRounds "7"]
[EventCountry "FRA"]
[SourceTitle "CBM 214 Extra"]
[Source "ChessBase"]
[SourceDate "2023.07.31"]
[SourceVersion "1"]
[SourceVersionDate "2023.07.31"]
[SourceQuality "1"]
[WhiteTeam "Chalon"]
[BlackTeam "Tremblay en France"]
[WhiteTeamCountry "FRA"]
[BlackTeamCountry "FRA"]

1. d4 Nf6 2. c4 e6 3. Nf3 d5 4. Nc3 Bb4 5. Bg5 h6 6. Bh4 g5 7. Bg3 dxc4 8. a3 Bxc3+ 9. bxc3 b5 10. a4 c6 11. Nd2 Nd5 12. Qc2 Qa5 13. Ra3 Nd7 14. h4 g4 15. e4 N5b6 16. Bd6 Nxa4 17. Bxc4 Qd8 18. e5 Nab6 19. Bxe6 Nxe5 20. Bxe5 Bxe6 21. Bxh8 Qe7 22. Qc1 f6 23. 0-0 Kf7 24. Bxf6 Qxf6 25. Ne4 Qxh4 26. Qf4+ Kg8 27. Qd6 Bf7 28. g3 Qd8 29. Qxh6 1-0

[Event "Lyon ECAM GM"]
[Site "Lyon"]
[Date "2023.04.12"]
[Round "4"]
[White "Velten, Paul"]
[Black "Bournel, Antoine"]
[Result "1-0"]
[WhiteElo "2488"]
[BlackElo "2362"]
[PlyCount "95"]
[EventDate "2023.04.10"]
[EventType "tourn"]
[EventRounds "9"]
[EventCountry "FRA"]
[EventCategory "9"]
[SourceTitle "EXT 2024"]
[Source "ChessBase"]
[SourceDate "2023.10.10"]
[SourceVersion "1"]
[SourceVersionDate "2023.10.10"]
[SourceQuality "1"]

1. d4 Nf6 2. c4 e6 3. Nf3 d5 4. g3 Bb4+ 5. Bd2 Be7 6. Bg2 0-0 7. 0-0 c6 8. a4 a5 9. Na3 b6 10. cxd5 exd5 11. Rc1 Bb7 12. Ne5 Bd6 13. Bf4 h6 14. h4 Re8 15. Bf3 Bf8 16. Qb3 Re6 17. Nc2 Na6 18. Ne3 Nb4 19. Rfd1 Qe8 20. N3g4 c5 21. Nxf6+ Rxf6 22. Bg4 Bc8 23. dxc5 bxc5 24. Bxc8 Rxc8 25. Qf3 Qxa4 26. e4 d4 27. Nc4 Na2 28. b3 Qb4 29. e5 Re6 30. Bd2 Qb8 31. Ra1 Nb4 32. Bxb4 axb4 33. Ra5 Qc7 34. Rda1 Qc6 35. Qd3 Rd8 36. f4 h5 37. f5 Ree8 38. Ra6 Qd5 39. Re1 Qb7 40. Rb6 Qc7 41. Qf3 d3 42. Rb7 Qc8 43. e6 f6 44. e7 Rxe7 45. Rexe7 d2 46. Nxd2 Qa8 47. Re2 c4 48. bxc4 1-0

[Event "EU-ch 23rd"]
[Site "Vrnjacka Banja"]
[Date "2023.03.12"]
[Round "10"]
[White "Mastrovasilis, Dimitrios"]
[Black "Velten, Paul"]
[Result "1/2-1/2"]
[WhiteElo "2599"]
[BlackElo "2478"]
[PlyCount "161"]
[EventDate "2023.03.03"]
[EventType "swiss"]
[EventRounds "11"]
[EventCountry "SRB"]
[SourceTitle "CBM 213"]
[Source "ChessBase"]
[SourceDate "2023.04.30"]
[SourceVersion "1"]
[SourceVersionDate "2023.04.30"]
[SourceQuality "1"]

1. e4 e6 2. d4 d5 3. e5 c5 4. c3 Nc6 5. Nf3 Bd7 6. Na3 cxd4 7. cxd4 Bxa3 8. bxa3 Qa5+ 9. Bd2 Qxa3 10. Rb1 b6 11. Bb5 Nge7 12. 0-0 a6 13. Bxc6 Nxc6 14. Rxb6 Qxa2 15. Rb7 h6 16. Qc1 Rc8 17. Qc5 Nd8 18. Rc7 Rxc7 19. Qxc7 Qc4 20. Qd6 Qc6 21. Qa3 Qa4 22. Qd6 Qc6 23. Rc1 Qxd6 24. exd6 Nc6 25. Ne5 Nxe5 26. dxe5 0-0 27. Rc7 Rd8 28. f4 Bb5 29. Kf2 d4 30. Kf3 f5 31. Ba5 Rd7 32. Rc8+ Kf7 33. Bb6 d3 34. Ke3 Kg6 35. Ba5 Kf7 36. h3 h5 37. Rh8 Kg6 38. h4 Rf7 39. g3 Rd7 40. Kd2 Bc4 41. Rb8 Kf7 42. Kc3 Bb5 43. Kd4 Ra7 44. Kc5 Rd7 45. Bd2 Ra7 46. Kb6 Rd7 47. Rc8 Kg6 48. Rh8 Bc4 49. Rb8 Bb5 50. Ba5 Rf7 51. Rd8 Ba4 52. Rc8 Rd7 53. Kxa6 Kf7 54. Kb6 Bd1 55. Kc6 Ba4+ 56. Kb6 Bd1 57. Rc3 Bc2 58. Rc7 Ke8 59. Rc4 Bb3 60. Rd4 Bd5 61. Rxd3 Rb7+ 62. Kc5 Be4 63. Rd4 Kd7 64. Ra4 Bc6 65. Ra3 Ra7 66. Ra1 Ra8 67. Ra3 Ra7 68. Kb6 Ra8 69. Ra2 Rb8+ 70. Kc5 Ra8 71. Kb4 Rb8+ 72. Kc3 Ra8 73. Ra1 Ra7 74. Kb4 Rb7+ 75. Kc5 Ra7 76. Kb6 Ra8 77. Ra3 Rb8+ 78. Kc5 Ra8 79. Bb4 Rxa3 80. Bxa3 g6 81. Bb4 1/2-1/2

[Event "EU-ch 23rd"]
[Site "Vrnjacka Banja"]
[Date "2023.03.10"]
[Round "8"]
[White "Brkic, Ante"]
[Black "Velten, Paul"]
[Result "1-0"]
[WhiteElo "2596"]
[BlackElo "2478"]
[PlyCount "85"]
[EventDate "2023.03.03"]
[EventType "swiss"]
[EventRounds "11"]
[EventCountry "SRB"]
[SourceTitle "CBM 213"]
[Source "ChessBase"]
[SourceDate "2023.04.30"]
[SourceVersion "1"]
[SourceVersionDate "2023.04.30"]
[SourceQuality "1"]

1. e4 e5 2. Nf3 Nf6 3. d4 Nxe4 4. Bd3 d5 5. Nxe5 Nd7 6. Nc3 Nxc3 7. bxc3 Bd6 8. 0-0 0-0 9. Re1 Bxe5 10. dxe5 Nc5 11. Bf1 Bf5 12. Be3 b6 13. c4 c6 14. Bxc5 bxc5 15. Bd3 Be6 16. Qe2 Rb8 17. Rad1 Rb2 18. Qe3 Qa5 19. f4 dxc4 20. Be4 Bd5 21. f5 Bxe4 22. Qxe4 Re8 23. Qxc6 Rbb8 24. e6 fxe6 25. Rxe6 Rf8 26. Re7 Qc3 27. Qe4 Kh8 28. h3 Qg3 29. Qg4 Qc3 30. Rdd7 Rg8 31. Kh2 a5 32. a4 Rbe8 33. Rxe8 Rxe8 34. Qe4 Rf8 35. Rc7 Qf6 36. Rxc5 g6 37. fxg6 hxg6 38. Rc6 Qf4+ 39. Qxf4 Rxf4 40. Rxg6 c3 41. Rc6 Rxa4 42. Rxc3 Kg7 43. Rc6 1-0

[Event "EU-ch 23rd"]
[Site "Vrnjacka Banja"]
[Date "2023.03.03"]
[Round "1"]
[White "Velten, Paul"]
[Black "Nikolaidis, Konstantinos"]
[Result "1-0"]
[WhiteElo "2478"]
[BlackElo "2133"]
[PlyCount "69"]
[EventDate "2023.03.03"]
[EventType "swiss"]
[EventRounds "11"]
[EventCountry "SRB"]
[SourceTitle "CBM 213"]
[Source "ChessBase"]
[SourceDate "2023.04.30"]
[SourceVersion "1"]
[SourceVersionDate "2023.04.30"]
[SourceQuality "1"]

1. d4 Nf6 2. c4 g6 3. Nc3 d5 4. cxd5 Nxd5 5. e4 Nxc3 6. bxc3 Bg7 7. Be3 0-0 8. Nf3 c5 9. Be2 Qa5 10. 0-0 Rd8 11. Qb3 Nc6 12. Bc4 e6 13. d5 exd5 14. Bxd5 Qxc3 15. Bxf7+ Kh8 16. Rac1 Qxb3 17. Bxb3 Nd4 18. Bxd4 Bxd4 19. Nxd4 Rxd4 20. Rxc5 Rxe4 21. Rc7 Rb8 22. f3 Re8 23. Bf7 Rd8 24. Re1 Bf5 25. Ree7 Rd2 26. g4 Bb1 27. Be6 g5 28. Bf5 Bxa2 29. Rxh7+ Kg8 30. Rcg7+ Kf8 31. Rxg5 Re8 32. Be4 Red8 33. Rh8+ Kf7 34. Rxd8 Rxd8 35. Ra5 1-0

[Event "Cappelle op 39th"]
[Site "Cappelle la Grande"]
[Date "2023.02.20"]
[Round "4"]
[White "Velten, Paul"]
[Black "Bournel, Antoine"]
[Result "1/2-1/2"]
[WhiteElo "2470"]
[BlackElo "2359"]
[PlyCount "41"]
[EventDate "2023.02.18"]
[EventType "swiss"]
[EventRounds "9"]
[EventCountry "FRA"]
[SourceTitle "CBM 213 Extra"]
[Source "ChessBase"]
[SourceDate "2023.05.31"]
[SourceVersion "1"]
[SourceVersionDate "2023.05.31"]
[SourceQuality "1"]

1. e4 e5 2. Nf3 Nc6 3. Bb5 a6 4. Bxc6 dxc6 5. 0-0 Bg4 6. h3 h5 7. c3 Qd3 8. hxg4 hxg4 9. Nxe5 Bd6 10. Nxd3 Bh2+ 11. Kh1 Bg3+ 12. Kg1 Bh2+ 13. Kh1 Bf4+ 14. Kg1 Bh2+ 15. Kh1 Be5+ 16. Kg1 Bh2+ 17. Kh1 Bd6+ 18. Kg1 Bh2+ 19. Kh1 Be5+ 20. Kg1 Bh2+ 21. Kh1 1/2-1/2

[Event "Mont de Marsan Christmas op"]
[Site "Mont de Marsan"]
[Date "2022.12.30"]
[Round "9"]
[White "Bournel, Antoine"]
[Black "Velten, Paul"]
[Result "1/2-1/2"]
[WhiteElo "2392"]
[BlackElo "2465"]
[PlyCount "112"]
[EventDate "2022.12.26"]
[EventType "swiss"]
[EventRounds "9"]
[EventCountry "FRA"]
[SourceTitle "EXT 2024"]
[Source "ChessBase"]
[SourceDate "2023.10.10"]
[SourceVersion "1"]
[SourceVersionDate "2023.10.10"]
[SourceQuality "1"]

1. d4 Nf6 2. c4 g6 3. Nc3 d5 4. cxd5 Nxd5 5. e4 Nxc3 6. bxc3 Bg7 7. Be3 c5 8. Nf3 Qa5 9. Qd2 Nc6 10. Rb1 a6 11. Rc1 cxd4 12. cxd4 Qxd2+ 13. Kxd2 e6 14. h4 0-0 15. Bd3 h6 16. e5 Rd8 17. h5 g5 18. Nxg5 Nxd4 19. Bh7+ Kf8 20. Nxf7 Kxf7 21. Rc7+ Kf8 22. Rd1 Nf5+ 23. Ke2 Rxd1 24. Bc5+ Ke8 25. Kxd1 Bd7 26. Bg6+ Kd8 27. Bb6 Rc8 28. Rxb7+ Ke7 29. g4 Nh4 30. Bd3 Nf3 31. Bxa6 Nxe5 32. Bd4 Rc6 33. Bxe5 Bxe5 34. Bb5 Rc7 35. Rxc7 Bxc7 36. Bxd7 Kxd7 37. a4 Kc6 38. Ke2 Kd5 39. g5 hxg5 40. h6 g4 41. h7 Be5 42. Ke3 Kc5 43. Ke4 Bh8 44. Kf4 Kb4 45. Kxg4 Kxa4 46. Kg5 Kb5 47. Kg6 Kc4 48. Kf7 Kd5 49. Kg8 Bd4 50. h8Q Bxh8 51. Kxh8 Ke5 52. Kg7 Kf5 53. Kf7 e5 54. f3 Kf4 55. Kf6 Ke3 56. Kxe5 Kxf3 1/2-1/2

[Event "Mont de Marsan Christmas op"]
[Site "Mont de Marsan"]
[Date "2022.12.27"]
[Round "3"]
[White "Quillien, Emmanuel"]
[Black "Velten, Paul"]
[Result "0-1"]
[WhiteElo "2137"]
[BlackElo "2465"]
[PlyCount "50"]
[EventDate "2022.12.26"]
[EventType "swiss"]
[EventRounds "9"]
[EventCountry "FRA"]
[SourceTitle "EXT 2024"]
[Source "ChessBase"]
[SourceDate "2023.10.10"]
[SourceVersion "1"]
[SourceVersionDate "2023.10.10"]
[SourceQuality "1"]

1. c4 e5 2. a3 Nf6 3. e3 c6 4. d4 e4 5. d5 Bd6 6. Nc3 0-0 7. g4 Be5 8. Bd2 d6 9. h3 h6 10. Nge2 b5 11. Nd4 bxc4 12. Bxc4 c5 13. Nde2 Ba6 14. Bxa6 Nxa6 15. h4 Nxg4 16. Qa4 Qb6 17. Qxe4 f5 18. Qc2 Rab8 19. f3 Bxc3 20. bxc3 Ne5 21. Kf2 c4 22. Nf4 Nc5 23. Rab1 Ncd3+ 24. Kg3 Qc5 25. Qa4 Nxf4 0-1

[Event "Mont de Marsan Christmas op"]
[Site "Mont de Marsan"]
[Date "2022.12.27"]
[Round "4"]
[White "Velten, Paul"]
[Black "Favarel, Julien"]
[Result "1-0"]
[WhiteElo "2465"]
[BlackElo "2301"]
[PlyCount "119"]
[EventDate "2022.12.26"]
[EventType "swiss"]
[EventRounds "9"]
[EventCountry "FRA"]
[SourceTitle "EXT 2024"]
[Source "ChessBase"]
[SourceDate "2023.10.10"]
[SourceVersion "1"]
[SourceVersionDate "2023.10.10"]
[SourceQuality "1"]

1. d4 Nf6 2. c4 g6 3. Nc3 Bg7 4. e4 d6 5. Be2 0-0 6. Nf3 e5 7. 0-0 Nbd7 8. Qc2 Qe7 9. dxe5 Nxe5 10. Bg5 c6 11. Nd4 h6 12. Bh4 Re8 13. Rfe1 Qc7 14. Rad1 Bg4 15. f3 Bd7 16. Qd2 g5 17. Bf2 Rad8 18. Bf1 a6 19. Rc1 c5 20. Nc2 Qa5 21. a3 Be6 22. b4 Qc7 23. Ne3 b6 24. Ncd5 Qa7 25. a4 Nc6 26. a5 bxa5 27. bxa5 Nd4 28. Rb1 Bxd5 29. cxd5 Nd7 30. Nc4 Ne5 31. Nxe5 Bxe5 32. Rb6 Rb8 33. Reb1 Qc7 34. Bxa6 f5 35. Rb7 Rxb7 36. Rxb7 Qd8 37. Bd3 fxe4 38. Bxe4 Qa8 39. Rb6 Rb8 40. Rxb8+ Qxb8 41. Qa2 Qb5 42. g3 Ne2+ 43. Kg2 Nc3 44. Qc2 Nxe4 45. Qxe4 Kg7 46. Be1 c4 47. Qe2 Qa4 48. f4 Bf6 49. fxg5 hxg5 50. h4 gxh4 51. Qg4+ Kf8 52. Qf5 Kg7 53. gxh4 c3 54. h5 Be5 55. Bg3 Qxa5 56. Bxe5+ dxe5 57. Qg6+ Kh8 58. Qf6+ Kh7 59. Qf7+ Kh8 60. h6 1-0

[Event "Sitges Sunway op 9th"]
[Site "Sitges"]
[Date "2022.12.13"]
[Round "2"]
[White "Enkhtuul, Altanulzii"]
[Black "Velten, Paul"]
[Result "0-1"]
[WhiteElo "2285"]
[BlackElo "2465"]
[PlyCount "88"]
[EventDate "2022.12.12"]
[EventType "swiss"]
[EventRounds "10"]
[EventCountry "ESP"]
[SourceTitle "CBM 211 Extra"]
[Source "ChessBase"]
[SourceDate "2023.01.31"]
[SourceVersion "1"]
[SourceVersionDate "2023.01.31"]
[SourceQuality "1"]

1. Nf3 d5 2. c4 c6 3. b3 Bg4 4. Bb2 Bxf3 5. exf3 e6 6. d4 Ne7 7. Bd3 g6 8. Nd2 Bg7 9. 0-0 0-0 10. c5 Nd7 11. b4 a5 12. a3 b6 13. Qc2 bxc5 14. dxc5 Bxb2 15. Qxb2 Qc7 16. Rfc1 Rfb8 17. Bf1 axb4 18. axb4 Rxa1 19. Rxa1 Nxc5 20. Qf6 Nb7 21. h4 Qd6 22. f4 Nf5 23. g4 Qe7 24. Qe5 Nfd6 25. g5 Rf8 26. Bh3 c5 27. h5 gxh5 28. bxc5 Nxc5 29. Qe2 Nde4 30. Nxe4 Nxe4 31. Bg2 Qb4 32. Bxe4 dxe4 33. Re1 Rc8 34. Kg2 Qc5 35. Rd1 e3 36. fxe3 e5 37. fxe5 Qxe5 38. Kf2 Rc2 39. Qxc2 Qh2+ 40. Kf3 Qxc2 41. Rd5 Kg7 42. e4 h4 43. Rf5 h3 44. Kg3 Qg2+ 0-1